000 00709nam a22002057a 4500
999 _c9635
_d9635
003 AR-CdUCM
008 190328b ||||| |||| 00| 0 spa d
040 _aMUNICIPALIDAD PROVINCIAL DEL CUSCO
_cBIBLIOTECA MUNICIPAL DEL CUSCO
082 _a869.56 /
_bC19H / 1981
100 _aHernández calderón, José
_910449
245 _aHacia el viejo puente del alba /
260 _aIca :
_bUniversidad Nacional San Luis Gonzaga,
_c1981.
300 _a25 páginas ;
_c22 cm.
500 _aDonación de la familia Nieto. Publicación artesanal.
650 _aPoesía Peruana
_92266
650 _aPoetas contemporáneos
_925711
650 _aPoetas peruanos - Ica
_925966
942 _2ddc
_cLIBROS
945 _alccs